000
00297nam a2200121Ia 4500
001
8273
005
20250206054301.0
008
250205t9999||||xx |||||||||||||| ||spa||
100
_a
SIMONE NETTINGSMEIER
245
0
_a
CONOCE EL CUERPO DE BOMBEROS
250
_a
1
260
_a
Dinamarca
_b
FORLAGET BOLDEN
_c
999
_c
6524
_d
6524